KOHA-Header-6

Artificial Intelligence (Record no. 2136)

000 -LEADER
fixed length control field 00290nam a2200121Ia 4500
008 - FIXED-LENGTH DATA ELEMENTS--GENERAL INFORMATION
fixed length control field 190802s9999 xx 000 0 und d
020 ## - INTERNATIONAL STANDARD BOOK NUMBER
International Standard Book Number 978-0-8153-6853-3
100 ## - MAIN ENTRY--PERSONAL NAME
Personal name Calum Chace
245 #0 - TITLE STATEMENT
Title Artificial Intelligence
260 ## - PUBLICATION, DISTRIBUTION, ETC. (IMPRINT)
Place of publication, distribution, etc New Delhi
Name of publisher, distributor, etc CRC
Date of publication, distribution, etc 2018
300 ## - PHYSICAL DESCRIPTION
Extent 375:P
942 ## - ADDED ENTRY ELEMENTS (KOHA)
Koha item type Books
Holdings
Withdrawn status Lost status Damaged status Not for loan Collection code Permanent Location Current Location Shelving location Date acquired Total Checkouts Total Renewals Full call number Barcode Date last seen Date checked out Price effective from Koha item type
        Computer Science MAJU MAJU Shelf No.A33 2019-08-03 2 3 6.3 8759 2022-03-21 2022-02-22 2019-08-03 Computer Science

Powered by Koha